000 01718cam a22004217a 4500
001 9391737
005 20170105102351.0
006 m d
007 cr n
008 120120s2012 flua sbf 001 0 eng d
020 _a9781420088144 (hbk. : acidfree paper)
035 _a(WaSeSS)ssj0000580953
040 _aUKM
_cUKM
_dYDXCP
_dBTCTA
_dBAKER
_dBWX
_dVGM
_dDLC
_dWaSeSS
042 _alccopycat
050 4 _aTK5103.2
_b.N433 2012
082 0 4 _a621.3821
_222
245 0 0 _aNear field communications handbook
_cSyed A. Ahson
260 _aBoca Raton :
_bCRC Press,
_cc2012.
300 _axiii, 364 p.
_bill:,
_c25 cm.
490 1 _aInternet and communications ;
_vv. 13
500 _a1. Communications
504 _aIncludes bibliographical references and index.
506 _aLicense restrictions may limit access.
650 0 _aNear field communication
_vHandbooks, manuals, etc.
650 0 _aWireless communication systems
_vHandbooks, manuals, etc.
650 0 _aMobile communication systems
_vHandbooks, manuals, etc.
700 1 _aAhson, Syed.
700 1 _aIlyas, Mohammad,
_d1953-
773 0 _tTELECOMMUNICATIONSnetBASE
773 0 _tENGnetBASE
773 0 _tELECTRICALENGINEERINGnetBASE
830 0 _aInternet and communications ;
_vv. 13.
856 4 0 _uhttp://www.columbia.edu/cgi-bin/cul/resolve?clio9391737.001
_zFull text available from ELECTRICALENGINEERINGnetBASE
856 4 0 _uhttp://www.columbia.edu/cgi-bin/cul/resolve?clio9391737.002
_zFull text available from ENGnetBASE
856 4 0 _uhttp://www.columbia.edu/cgi-bin/cul/resolve?clio9391737.003
_zFull text available from TELECOMMUNICATIONSnetBASE
910 _aLibrary of Congress record
942 _2ddc
_cBK
999 _c11924
_d11924